000 00366nam a22001577a 4500
003 LK-CoDNM
005 20241220152407.0
008 241220b |||||||| |||| 00| 0 eng d
040 _aLK-CoDNM
_dLK-CoDNM
_eLK-CoDNM
041 _aeng
080 _a2
_bR18
245 _aSeveral new species of plants
300 _b95p. ; 25 cm
650 _aScience
942 _cBK
999 _c233880
_d233880